000 00359nam a22001697a 4500
020 _a9780415386265
082 _a627.52 NOV/HY
100 _aNovak P
100 _aMoffat A I B
100 _aNalluri C
100 _aNarayanan R
245 _aHydraulic structures
250 _aEd 4
260 _aOxon
_bE & FN Spon
_c2007
300 _a700
942 _cBK
999 _c13857
_d13857